| 000 | 00352nam a2200157Ia 4500 | ||
|---|---|---|---|
| 003 | LK-CoDNM | ||
| 008 | 010623t xxu||||| |||| 00| 1 eng d | ||
| 040 |
_aLK-CoDNM _dLK-CoDNM _eLK-CoDNM |
||
| 041 | _aeng | ||
| 080 |
_a50 _bE34 |
||
| 245 | _aAll about Pepper | ||
| 300 | _bIV,90p., 20 cm | ||
| 650 | _aCultivation | ||
| 650 | _aPlanting | ||
| 942 | _cBK | ||
| 999 |
_c133610 _d133610 |
||